Obrázkový šlabikár a Prvá Čítanka pre školy evanjelické a.v.

Bibliographic Details
Main Author: Uram-Podtatranský, Rehor, 1846-1924 (Author)
Other Authors: Salva, Karol, 1849-1913 (Printer)
Format: Book
Language:Slovak
PhysicalDescription:96 strán 19 cm
Edition:Siedme Vydanie
Subjects:

MARC

LEADER 00000cam a2200000 4500
001 vtls001265193
003 SK-MaSNL
005 20260301234547.0
008 180810s1899 xo a f 0 00 slo
015 |a SNBHFA 
035 |a SNK000216119 
040 |a SNK  |b slo  |c SNK  |e rda 
041 0 |a slo 
044 |a xo  |c SK 
072 7 |a 37.016  |x Učebné osnovy. Vyučovacie predmety. Učebnice  |2 konspekt 
080 |a 371.671  |2 2001 
080 |a (075.2)  |2 2011 
100 1 |a Uram-Podtatranský, Rehor,  |d 1846-1924  |4 aut  |9 115423 
245 1 0 |a Obrázkový šlabikár a Prvá Čítanka pre školy evanjelické a.v. 
250 |a Siedme Vydanie 
264 3 |a V Lipt. Ružomberku  |b Tlačou Karla Salvu  |c 1899 
300 |a 96 strán  |c 19 cm 
336 |a text  |b txt  |2 rdacontent 
337 |a bez média  |b n  |2 rdamedia 
338 |a zväzok  |b nc  |2 rdacarrier 
510 4 |a BÚST 19. storočia  |c 14779 
610 2 7 |a Evanjelická cirkev a.v.  |2 SNKKA  |9 32425 
650 0 7 |a evanjelické školstvo  |2 SNKPH  |9 267754 
650 0 7 |a učebnice  |2 SNKPH  |9 74147 
655 7 |a šlabikáre  |2 SNKPH  |9 70665 
655 7 |a čítanky  |2 SNKPH  |9 60817 
700 1 |a Salva, Karol,  |d 1849-1913  |4 prt  |9 93017 
752 |a Slovensko  |d Ružomberok 
852 |a snk  |p SD 86 
958 |a ONDV 
958 |a DF 
999 |c 970650  |d 972580 
952 |a SNK  |b SNK  |y PREZ  |7 0  |p 17A0830080  |o snkSD 86   |i snk147/27  |0 0  |1 0  |4 0  |d 2013-05-21  |l 0  |r 2025-10-14 00:00:00  |w 2026-02-24 
952 |a SNK  |b SNK  |y PREZ  |7 0  |p 17A0018172  |o snkSD 86 D1  |0 0  |1 0  |4 0  |d 1996-11-05  |l 0  |r 2005-01-01 00:00:00  |w 2026-02-24 
952 |a SNK  |b SNK  |y PREZ  |7 0  |p 17A0362855  |o snkSD 86 D2  |0 0  |1 0  |4 0  |d 2002-11-05  |l 0  |r 2005-01-01 00:00:00  |w 2026-02-24